[Event "AUTO-MASTER-1068"]
[Site "http://www.queenalice.com/game.php?id=744856"]
[Date "2010.3.11"]
[Round "1"]
[White "Patibong"]
[Black "krzysieks"]
[Result "1/2-1/2"]
[WhiteElo "2069"]
[BlackElo "2122"]

1. e4 c6 2. Nf3 d5 3. exd5 cxd5 4. d4 Nc6 5. Be2 Nf6 6. O-O Bg4 7. c3 e6 8. Bg5
Be7 9. Nbd2 O-O 10. h3 Bh5 11. Bf4 Bd6 12. Ne5 Bxe2 13. Qxe2 Qc7 14. Rab1 Rae8
15. Rfe1 Nd7 16. Nxd7 Qxd7 17. Qg4 Bxf4 18. Qxf4 f6 19. Qg4 Qf7 20. Re2 e5 21.
dxe5 fxe5 22. f3 Qc7 23. Kh1 Qa5 24. Qd7 Re7 25. Qd6 Rf6 26. Qa3 Qxa3 27. bxa3
Rf4 28. Nb3 b6 29. Nd2 Ra4 30. Nf1 Rxa3 31. Ne3 d4 32. Nd5 Rd7 33. c4 Ra4 34.
Rc1 Na5 35. Rxe5 Nxc4 36. Rf5 b5 37. Nf4 d3 38. Nxd3 Rxd3 39. Rxb5 h6 40. Rb7
Nd6 41. Rd7 Rdd4 42. Rcc7 Ne8 43. Rxd4 Rxd4 44. Rxa7 g5 45. a4 Nf6 46. a5 Ra4
47. a6 Nd5 48. Rd7 Nb4 49. a7 Nc6 50. Rd6 Nxa7 51. Rxh6 Kg7 52. Rd6 Nc8 53. Rc6
Ne7 54. Rb6 Ng6 55. Rb2 Nf4 56. Kh2 Kf6 57. Kg3 Nh5+ 58. Kh2 Ng7 59. Re2 Nf5 60.
Rb2 Ke5 61. g3 Nd4 62. f4+ gxf4 63. gxf4+ 1/2-1/2

[Event "AUTO-MASTER-1068"]
[Site "http://www.queenalice.com/game.php?id=744857"]
[Date "2010.3.11"]
[Round "1"]
[White "krzysieks"]
[Black "pgierech"]
[Result "1-0"]
[WhiteElo "2170"]
[BlackElo "1974"]

1. e4 d6 2. d4 Nf6 3. Nc3 g6 4. f4 Bg7 5. Nf3 O-O 6. Bd3 Nc6 7. e5 dxe5 8. fxe5
Nd5 9. Nxd5 Qxd5 10. c3 Bg4 11. O-O a6 12. Qe2 Bxf3 13. Rxf3 e6 14. Bg5 Rae8 15.
Raf1 Nd8 16. a3 b5 17. Qf2 c5 18. Bxd8 Rxd8 19. Rxf7 cxd4 20. Rxf8+ Rxf8 21.
Qxd4 Rxf1+ 22. Kxf1 Bxe5 23. Qxd5 exd5 24. h3 Kf7 25. Ke2 Kf6 26. Ke3 Kg5 27. b3
Bxc3 28. a4 h5 29. axb5 axb5 30. Bxb5 Kf6 31. Bc6 Ke5 32. Kd3 Bb4 33. Be8 Kf5
34. Kd4 h4 35. Kxd5 g5 36. Kc4 Bd6 37. b4 Kf4 38. b5 Ke5 39. b6 Ke6 40. Kb5 Ke7
41. Kc6 Bf4 42. Bh5 Kd8 43. Bg4 Bg3 44. Kb7 Bf4 45. Ka8 1-0

[Event "AUTO-MASTER-1068"]
[Site "http://www.queenalice.com/game.php?id=744858"]
[Date "2010.3.11"]
[Round "1"]
[White "pgierech"]
[Black "krzysieks"]
[Result "0-1"]
[WhiteElo "1968"]
[BlackElo "2167"]

1. c4 Nf6 2. g3 g6 3. Bg2 Bg7 4. Nc3 O-O 5. d3 d6 6. Nf3 e5 7. e4 c6 8. O-O h6
9. Be3 a5 10. Qd2 Kh7 11. Na4 Nfd7 12. Nh4 Na6 13. Rab1 Nac5 14. Nxc5 Nxc5 15.
f4 exf4 16. Bxc5 dxc5 17. Kh1 fxg3 18. hxg3 Qg5 19. Qxg5 hxg5 20. Nf3 Kh6 21.
Kh2 g4 22. Nh4 Be6 23. Rh1 Kh7 24. b3 Rfd8 25. Rbd1 a4 26. Rd2 axb3 27. axb3 Ra3
28. Rb1 Rda8 29. b4 Bc3 30. Rf2 cxb4 31. Bf1 Ra2 32. Rxa2 Rxa2+ 33. Kh1 b5 34.
cxb5 cxb5 35. Ng2 b3 36. Nf4 b2 37. d4 Ra1 38. Bd3 Ba2 0-1

[Event "AUTO-MASTER-1090"]
[Site "http://www.queenalice.com/game.php?id=759418"]
[Date "2010.4.11"]
[Round "1"]
[White "docb"]
[Black "krzysieks"]
[Result "0-1"]
[WhiteElo "1941"]
[BlackElo "2140"]

1. e4 e5 2. Nf3 Nc6 3. d4 exd4 4. Nxd4 Bc5 5. Be3 Qf6 6. c3 Nge7 7. Bc4 Ne5 8.
Be2 d6 9. O-O O-O 10. f4 N5g6 11. g3 Bb6 12. Nd2 Bd7 13. Nc4 Nc6 14. Nxb6 axb6
15. h4 Rfe8 16. Bd3 Nf8 17. f5 Qe5 18. Bf4 Qc5 19. Bc2 Nxd4 20. cxd4 Qb4 21. b3
Bb5 22. Rf2 Nd7 23. h5 Nf6 24. e5 Nd5 25. Bc1 Qc3 26. Bf4 dxe5 27. dxe5 Nxf4 28.
gxf4 Qg3+ 29. Rg2 Qxf4 30. f6 Qe3+ 31. Rf2 Rxe5 32. Qf3 Rg5+ 33. Kh2 Qe5+ 34.
Qf4 Rxh5+ 35. Kg3 Qxa1 36. fxg7 Qe5 0-1

[Event "AUTO-MASTER-1090"]
[Site "http://www.queenalice.com/game.php?id=759419"]
[Date "2010.4.11"]
[Round "1"]
[White "krzysieks"]
[Black "docb"]
[Result "1-0"]
[WhiteElo "2133"]
[BlackElo "1950"]

1. e4 Nc6 2. Nf3 d6 3. d4 Bg4 4. d5 Bxf3 5. Qxf3 Ne5 6. Qb3 Qc8 7. f4 Nd7 8. c4
a5 9. Nc3 e6 10. dxe6 fxe6 11. Be3 Ngf6 12. Be2 a4 13. Qc2 Be7 14. Nxa4 O-O 15.
Nc3 Qe8 16. Nb5 Bd8 17. O-O Qg6 18. Nc3 Ng4 19. Bxg4 Qxg4 20. Rad1 Nf6 21. e5
Nh5 22. Qe4 dxe5 23. fxe5 Qxe4 24. Nxe4 g6 25. Rxf8+ Kxf8 26. Bc5+ Be7 27. Rd7
Bxc5+ 28. Nxc5 Rxa2 29. Rxc7 Ng7 30. Rxb7 Ra1+ 31. Kf2 Rc1 32. Nd7+ Ke8 33. Nf6+
Kf8 34. Nxh7+ Kg8 35. Nf6+ Kf8 36. c5 Rxc5 37. Nd7+ 1-0

[Event "AUTO-MASTER-1090"]
[Site "http://www.queenalice.com/game.php?id=759430"]
[Date "2010.4.11"]
[Round "1"]
[White "andrevillares"]
[Black "krzysieks"]
[Result "0-1"]
[WhiteElo "2034"]
[BlackElo "2176"]

1. d4 Nf6 2. c4 g6 3. Nf3 Bg7 4. Nc3 O-O 5. e4 d6 6. Be2 e5 7. O-O Nc6 8. Bg5 h6
9. Bh4 exd4 10. Nxd4 g5 11. Bg3 Nxd4 12. Qxd4 Nh5 13. Qe3 Nxg3 14. hxg3 Re8 15.
f4 Bd7 16. fxg5 Qxg5 17. Qf3 Be6 18. Nd5 Rac8 19. Rab1 c6 20. Nf4 Kh8 21. Nxe6
fxe6 22. Kh2 Be5 23. Rh1 Qh4+ 24. Kg1 Bd4+ 25. Qf2 Bxf2+ 26. Kxf2 Qxe4 27. Rxh6+
Kg7 28. Rbh1 Rh8 0-1

[Event "AUTO-MASTER-1090"]
[Site "http://www.queenalice.com/game.php?id=759431"]
[Date "2010.4.11"]
[Round "1"]
[White "krzysieks"]
[Black "andrevillares"]
[Result "1-0"]
[WhiteElo "2184"]
[BlackElo "2026"]

1. e4 c6 2. Nc3 d5 3. Nf3 d4 4. Ne2 c5 5. c3 Nc6 6. cxd4 cxd4 7. Ng3 Bg4 8. Bc4
e6 9. O-O Ne5 10. Bb5+ Nc6 11. d3 Nf6 12. h3 Bxf3 13. Qxf3 Be7 14. Bd2 O-O 15.
Rac1 Ne5 16. Qe2 a6 17. Ba4 b5 18. Bb3 a5 19. a3 a4 20. Ba2 Qb6 21. f4 Ng6 22.
f5 Ne5 23. fxe6 fxe6 24. Nf5 Ng6 25. Nxe7+ Nxe7 26. Bb4 Rfe8 27. Bc5 Qa6 28.
Bxd4 Ng6 29. Bxf6 gxf6 30. Rxf6 Rad8 31. Qg4 Kg7 32. Rxg6+ hxg6 33. Rc7+ 1-0

[Event "AUTO-MASTER-1090"]
[Site "http://www.queenalice.com/game.php?id=759438"]
[Date "2010.4.11"]
[Round "1"]
[White "krzysieks"]
[Black "tariann"]
[Result "1-0"]
[WhiteElo "2155"]
[BlackElo "2046"]

1. e4 e6 2. d4 d5 3. Nc3 Bb4 4. e5 c5 5. a3 Bxc3+ 6. bxc3 Qc7 7. Qg4 f6 8. Qg3
fxe5 9. dxe5 Nc6 10. f4 Qf7 11. Nf3 Nge7 12. Be2 O-O 13. O-O c4 14. a4 Qf5 15.
Ne1 Ng6 16. Bg4 Qf7 17. Be2 Bd7 18. a5 b6 19. axb6 axb6 20. Rxa8 Rxa8 21. Be3 b5
22. Nf3 Ra2 23. Bd1 Nce7 24. Ng5 Nf5 25. Qh3 Qe8 26. Qxh7+ Kf8 27. Bc5+ Nfe7 28.
Bh5 1-0

[Event "AUTO-MASTER-1090"]
[Site "http://www.queenalice.com/game.php?id=759439"]
[Date "2010.4.11"]
[Round "1"]
[White "tariann"]
[Black "krzysieks"]
[Result "0-1"]
[WhiteElo "2059"]
[BlackElo "2146"]

1. e4 e5 2. Nf3 Nc6 3. Bb5 d6 4. O-O Nf6 5. Re1 Be7 6. c3 O-O 7. d4 Bd7 8. dxe5
dxe5 9. Bg5 a6 10. Bxc6 Bxc6 11. Qxd8 Rfxd8 12. Nbd2 Kf8 13. Nc4 h6 14. Bxf6
gxf6 15. Na5 Bd7 16. b4 b6 17. Nb3 Be6 18. Rad1 Rxd1 19. Rxd1 c5 20. bxc5 bxc5
21. Nh4 Rb8 22. Rb1 a5 23. f4 a4 24. Nd2 Rxb1+ 25. Nxb1 Bxa2 26. Na3 c4 27. Nb5
Bb1 28. Nf5 a3 29. Nxa3 Bxa3 30. Nxh6 Bb2 0-1

[Event "AUTO-MASTER-1068"]
[Site "http://www.queenalice.com/game.php?id=806934"]
[Date "2010.7.22"]
[Round "2"]
[White "BEIGEBOOK"]
[Black "krzysieks"]
[Result "0-1"]
[WhiteElo "2311"]
[BlackElo "2209"]

1. d4 d5 2. c4 e6 3. Nc3 Be7 4. Bf4 Nf6 5. e3 O-O 6. Qf3 b6 7. cxd5 exd5 8. Qg3
Na6 9. Bxa6 Bxa6 10. Bxc7 Qd7 11. Be5 Rac8 12. Nge2 Rfe8 13. Nf4 Bc4 14. Rc1 g6
15. Bxf6 Bxf6 16. Kd2 Bg7 17. Rc2 b5 18. Rhc1 Rc6 19. b3 b4 20. Na4 Bb5 21. Nc5
Qf5 22. Qf3 Rf6 23. Qh3 Qxh3 24. Nxh3 h5 25. Nd3 Bf8 26. Nhf4 Rf5 27. f3 Kg7 28.
g4 hxg4 29. fxg4 Rf6 30. Nxd5 Rf3 31. Re1 Rh3 32. Rh1 Bd6 33. g5 Reh8 34. N3xb4
R8h5 35. a4 Bd7 36. Nd3 Rxg5 37. N5f4 Rh4 0-1

[Event "AUTO-MASTER-1068"]
[Site "http://www.queenalice.com/game.php?id=806935"]
[Date "2010.7.22"]
[Round "2"]
[White "krzysieks"]
[Black "BEIGEBOOK"]
[Result "1-0"]
[WhiteElo "2189"]
[BlackElo "2343"]

1. e4 c6 2. d4 d5 3. f3 dxe4 4. fxe4 e5 5. Nf3 exd4 6. Bc4 b5 7. Bb3 Bc5 8. O-O
Nf6 9. e5 Ng4 10. Ng5 d3+ 11. Kh1 Qd4 12. Bxf7+ Ke7 13. Nf3 Nf2+ 14. Rxf2 Qxf2
15. Bb3 h6 16. cxd3 Rd8 17. e6 b4 18. Bf4 Qxb2 19. Nbd2 Rxd3 20. Rb1 Qf6 21. Be5
Qf5 22. Qc2 Bf2 23. g4 Qg6 24. Rf1 Bb7 25. Rxf2 Na6 26. Bc4 Rad8 27. Bg3 b3 28.
axb3 1-0

[Event "AUTO-MASTER-1068"]
[Site "http://www.queenalice.com/game.php?id=806938"]
[Date "2010.7.22"]
[Round "2"]
[White "krzysieks"]
[Black "Carotino"]
[Result "1/2-1/2"]
[WhiteElo "2191"]
[BlackElo "2357"]

1. e4 e5 2. Nf3 Nc6 3. Bb5 g6 4. d4 exd4 5. Bg5 f6 6. Bf4 g5 7. Nxg5 Bb4+ 8. c3
fxg5 9. Qh5+ Kf8 10. Bxg5 Be7 11. Bh6+ Nxh6 12. Qxh6+ Ke8 13. Qh5+ Kf8 1/2-1/2

[Event "AUTO-MASTER-1068"]
[Site "http://www.queenalice.com/game.php?id=806939"]
[Date "2010.7.22"]
[Round "2"]
[White "Carotino"]
[Black "krzysieks"]
[Result "1-0"]
[WhiteElo "2344"]
[BlackElo "2196"]

1. d4 d5 2. c4 e6 3. Nc3 Be7 4. Nf3 Nf6 5. Bg5 h6 6. Bh4 O-O 7. e3 Ne4 8. Bxe7
Qxe7 9. Rc1 c6 10. Bd3 Nxc3 11. Rxc3 dxc4 12. Bxc4 Nd7 13. O-O b6 14. Bd3 c5 15.
Be4 Rb8 16. Bc6 cxd4 17. Qxd4 Nf6 18. Rfc1 Bb7 19. Qa4 Bxc6 20. Rxc6 Rb7 21. h3
Nd5 22. a3 Rd8 23. Ne5 f6 24. Nf3 e5 25. Rc8 Rd7 26. Nh4 Qf7 27. Rxd8+ Rxd8 28.
Rd1 Rc8 29. Nf5 Rc5 30. Qb3 1-0

[Event "AUTO-OPEN-1875"]
[Site "http://www.queenalice.com/game.php?id=825796"]
[Date "2010.8.31"]
[Round "2"]
[White "krzysieks"]
[Black "sandromm"]
[Result "1-0"]
[WhiteElo "2188"]
[BlackElo "1763"]

1. e4 c5 2. Nf3 Nc6 3. Bb5 Nf6 4. Nc3 a6 5. Bxc6 bxc6 6. d3 d5 7. e5 Nd7 8. O-O
d4 9. Ne4 e6 10. Bg5 Qb6 11. Rb1 Qc7 12. Re1 Nxe5 13. Nxe5 f6 14. Qh5+ g6 15.
Nxf6+ Ke7 16. Nxh7+ Ke8 17. Qxg6+ 1-0

[Event "AUTO-OPEN-1875"]
[Site "http://www.queenalice.com/game.php?id=825797"]
[Date "2010.8.31"]
[Round "2"]
[White "sandromm"]
[Black "krzysieks"]
[Result "0-1"]
[WhiteElo "1795"]
[BlackElo "2208"]

1. e4 e5 2. Nf3 Nc6 3. Bb5 g6 4. Bxc6 dxc6 5. O-O Bg7 6. h3 Ne7 7. c3 c5 8. d3
O-O 9. Bg5 Be6 10. Nbd2 f6 11. Be3 Qxd3 12. Bxc5 Rfe8 13. Qa4 Nc6 14. Rad1 Rad8
15. Be3 a6 16. Ne1 Qb5 17. Qxb5 axb5 18. b3 f5 19. exf5 gxf5 20. Nef3 h6 21.
Rfe1 Rd3 22. Re2 Ra8 23. a4 Bxb3 24. Rb1 Bxa4 25. Nf1 Rad8 26. N1d2 Rxc3 27. Kh2
f4 28. Ne4 Rc2 29. Ree1 fxe3 30. fxe3 b4 31. Nfd2 Rdxd2 32. Nxd2 Rxd2 33. e4 Nd4
34. Rxb4 Nf3+ 35. Kg3 Nxe1 36. Rxa4 Rxg2+ 37. Kh4 Nf3+ 38. Kh5 Rg5# 0-1

[Event "AUTO-MASTER-1090"]
[Site "http://www.queenalice.com/game.php?id=826960"]
[Date "2010.9.2"]
[Round "2"]
[White "krzysieks"]
[Black "Dyggo"]
[Result "0-1"]
[WhiteElo "2215"]
[BlackElo "2320"]

1. e4 c5 2. Nf3 Nc6 3. Bb5 e5 4. O-O Bd6 5. c3 a6 6. Ba4 Nge7 7. d4 cxd4 8. cxd4
exd4 9. Nxd4 O-O 10. Nc3 Bc5 0-1

[Event "AUTO-MASTER-1090"]
[Site "http://www.queenalice.com/game.php?id=826961"]
[Date "2010.9.2"]
[Round "2"]
[White "salva9001"]
[Black "krzysieks"]
[Result "1-0"]
[WhiteElo "2080"]
[BlackElo "2206"]

1. Nf3 d5 2. g3 Nf6 3. Bg2 c6 4. d4 Bf5 5. O-O e6 6. Bg5 Nbd7 7. Nbd2 Bd6 8. c4
h6 9. Bxf6 Nxf6 10. c5 Bc7 11. b4 O-O 12. a4 Re8 13. Qb3 Ne4 14. Nxe4 dxe4 15.
Nd2 Qxd4 16. Rad1 Qe5 17. Nc4 Qf6 18. Rd7 Re7 19. Rfd1 Rxd7 20. Rxd7 Rd8 21.
Rxd8+ Qxd8 22. b5 Qd4 23. bxc6 Qa1+ 24. Bf1 bxc6 25. Ne3 1-0

[Event "AUTO-MASTER-1090"]
[Site "http://www.queenalice.com/game.php?id=826962"]
[Date "2010.9.2"]
[Round "2"]
[White "krzysieks"]
[Black "salva9001"]
[Result "0-1"]
[WhiteElo "2190"]
[BlackElo "2101"]

1. e4 c5 2. Nf3 e6 3. b3 d6 4. Bb2 Nf6 5. Bd3 Be7 6. O-O O-O 7. Re1 Nc6 8. c3 a6
9. Bc2 b5 10. d4 cxd4 11. Nxd4 Bb7 12. Nd2 Rc8 13. Nf1 Qc7 14. Ng3 Rfd8 15. Rc1
Qb6 16. Bb1 Ne5 17. Qe2 Ng6 18. h3 h6 19. Qe3 Nd7 20. Rcd1 Ba8 21. Nf3 Qxe3 0-1